Fr. Conceicao Rodrigues College of Engineering

Programming Languages (Record no. 17949)

MARC details
000 -LEADER
fixed length control field 00320nam a2200157Ia 4500
082 ## - DEWEY DECIMAL CLASSIFICATION NUMBER
Classification number 5.13
Item number SET
100 ## - MAIN ENTRY--PERSONAL NAME
Personal name Sethi/ Ravi
250 ## - EDITION STATEMENT
Edition statement 2
245 ## - TITLE STATEMENT
Title Programming Languages
260 ## - PUBLICATION, DISTRIBUTION, ETC.
Name of publisher, distributor, etc. Addison Wesly
Place of publication, distribution, etc. New york
Date of publication, distribution, etc. 1996
300 ## - PHYSICAL DESCRIPTION
Extent 640
546 ## - LANGUAGE NOTE
Language note ENGLISH
654 ## - SUBJECT ADDED ENTRY--FACETED TOPICAL TERMS
Focus term Languages
942 ## - ADDED ENTRY ELEMENTS (KOHA)
Koha item type BOOK
Holdings
Withdrawn status Lost status Damaged status Not for loan Collection Home library Current library Shelving location Date acquired Total Checkouts Full call number Barcode Date last seen Price effective from Koha item type
        CRC Fr. Agnel's C.Rodrigues College of Engineering Fr. Agnel's C.Rodrigues College of Engineering   17/03/2023   5.13 SET 9072 17/03/2023 17/03/2023 BOOK
        CRC Fr. Agnel's C.Rodrigues College of Engineering Fr. Agnel's C.Rodrigues College of Engineering   17/03/2023   5.13 SET 9073 17/03/2023 17/03/2023 Reference Book